KOMPASS Australia book-based CD-ROM [
| Format: | Book |
|---|---|
| Published: |
Victoria:
KOMPASS Australia,
1999.
|
| Subjects: |
| LEADER | 00466cam a2200133 7i4500 | ||
|---|---|---|---|
| 001 | 0000008048 | ||
| 005 | 20000817090000.0 | ||
| 090 | 0 | 0 | |a CD-ROM 101 |b KOM |
| 245 | 0 | 0 | |a KOMPASS Australia book-based CD-ROM [ |m electronic resource]. |
| 260 | 0 | 0 | |a Victoria: |b KOMPASS Australia, |c 1999. |
| 300 | # | # | |a Electronic computer optical disc (CD-ROM). |
| 650 | 0 | 0 | |a Business -- |x Directories -- |z Australia |
| 651 | 0 | 0 | |a Australia |
| 999 | |a 0000011529 |b CD-ROM |c AV Collection |e Business Information Centre | ||